Lei de licitações e contratos comentada : (Record no. 184)
[ view plain ]
| 000 -LÍDER | |
|---|---|
| Campo Fixo de Controle | 00970cam a2200241 a 4500 |
| 001 - NÚMERO DE CONTROLE | |
| Campo de Controle | 184 |
| 003 - IDENTIFICAÇÃO DO NÚMERO DE CONTROLE | |
| Campo de Controle | BR-CuiBMT |
| 005 - DATA E HORA DA ÚLTIMA ATUALIZAÇÃO | |
| Campo de Controle | 20231111002427.0 |
| 008 - DADOS FIXOS | |
| Dados Fixos | 230824s2023 mgb 000 0 por d |
| 020 ## - INTERNATIONAL STANDARD BOOK NUMBER | |
| Nº do ISBN | 9786555184648 |
| 040 ## - AGÊNCIA CATALOGADORA | |
| Código da Agência Catalogadora | BR-CuiBMT |
| Agência que transcreveu o registro | BR-CuiBMT |
| 080 ## - Nº DA CLASSIFICAÇÃO DECIMAL UNIVERSAL | |
| Nº edição CDU | 2007 |
| Nº Class. CDU | 351.712.2.02 |
| 090 ## - NÚMERO DE CHAMADA | |
| Nº classificação | 351.712.2.02 |
| Cutter | A474l |
| 100 1# - ENTRADA PRINCIPAL -- AUTOR PESSOAL | |
| Nome pessoal | Alves, Francisco Sérgio Maia |
| 245 10 - TÍTULO PRINCIPAL | |
| Título principal | Lei de licitações e contratos comentada : |
| Subtítulo | análise da Lei nº 14.133, de 1º de abril de 2021, artigo por artigo, segundo uma visão crítica e prospectiva da jurisprudência do Tribunal de Contas da União / |
| Indicação de responsabilidade | Francisco Sérgio Maia Alves ; Benjamin Zymler prefácio. |
| 260 ## - PUBLICAÇÃO, DISTRIBUIÇÃO, ETC. | |
| Local de publicação | Belo Horizonte : |
| Editora | Fórum, |
| Data | 2023. |
| 300 ## - DESCRIÇÃO FÍSICA | |
| N. páginas ou volumes | 707 p. ; |
| Dimensões | 24 cm |
| 504 ## - NOTA DE BIBLIOGRAFIA, ETC. | |
| Nota de bibliografia | Inclui bibliografia. |
| 610 ## - ASSUNTO -- ENTIDADE | |
| Nome da Entidade ou lugar | Brasil. |
| Título da publicação | Lei n. 14.133, de 1° de abril de 2021 |
| 650 ## - ASSUNTO TÓPICO | |
| Cabeçalho tópico ou nome geográfico | Licitações e contratos |
| Subdivisão de forma | Legislação |
| Subdivisão geográfica | Brasil |
| 650 ## - ASSUNTO TÓPICO | |
| Cabeçalho tópico ou nome geográfico | Controle externo |
| Subdivisão geral | Licitações e contratos |
| 942 ## - ELEMENTOS DE ENTRADA ADICIONAIS (KOHA) | |
| Fonte de classificação ou esquema de arquivamento | Classificação Decimal Universal |
| Tipo de item do Koha | Livros |
| Estado: removido | Estado: perdido | Fonte de classificação ou esquema de arquivamento | Estado: danificado | Indisponível para empréstimo | Localização permanente | Localização atual | Data de aquisição | Total Checkouts | Número de Chamada completo | Código de barras | Date last seen | Número do exemplar | Preço efetivo a partir de | Tipo de item (Koha) |
|---|---|---|---|---|---|---|---|---|---|---|---|---|---|---|
| Classificação Decimal Universal | Biblioteca da Escola Superior de Contas do TCE/MT | Biblioteca da Escola Superior de Contas do TCE/MT | 28/07/2023 | 351.712.2.02 A474l | BIBTCEMT23080161 | 24/08/2023 | Ex. 1 | 24/08/2023 | Livros |